Plan Colombia: ¿Estados Unidos ante un nuevo enemigo en América Latina? /
Furkejuvvon:
| Váldodahkki: | |
|---|---|
| Materiálatiipa: | Texto |
| Fáddágilkorat: |
Lasit fáddágilkoriid
Eai fáddágilkorat, Lasit vuosttaš fáddágilkora!
|
MARC
| LEADER | 00000 a a2200000 04500 | ||
|---|---|---|---|
| 001 | 9328 | ||
| 003 | |||
| 040 | |||
| 100 | |a Ramírez - Orozco, Mario | ||
| 245 | |a Plan Colombia: |b ¿Estados Unidos ante un nuevo enemigo en América Latina? / |c Mario Ramírez - Orozco | ||
| 773 | |g volumen 1, número 38; páginas 77-115 | ||
| 999 | |c 19809 |d 19809 | ||
